Les élu.e.s municipaux de la Ville de Sherbrooke 2021-2025 - Statistiques

Statistiques générales
  • Ce quiz a été pris 3 fois
  • Le résultat moyen est 6 sur 17
Statistiques - réponses
District Poste Élu.e % Correct
Mairesse Évelyne Beaudin
67%
District de Rock Forest Conseillère Annie Godbout
33%
District de Brompton Conseillère Catherine Boileau
33%
District de Saint-Élie Conseillère Christelle Lefèvre
33%
District de Lennoxville Conseiller Claude Charron
33%
District de Desranleau Conseillère Danielle Berthold
33%
District du Carrefour Conseillère Fernanda Luz
33%
District d’Ascot Conseillère Geneviève La Roche
33%
District du Pin-Solitaire Conseillère Hélène Dauphinais
33%
District d’Uplands Conseillère Jennifer Garfat
33%
District des Quatre-Saisons Conseillère Joanie Bellerose
33%
District de l’Hôtel-Dieu Conseillère Laure Letarte-Lavoie
33%
District du Golf Conseiller Marc Denault
33%
District du Lac-Magog Conseillère Nancy Robichaud
33%
District de l’Université Conseiller Paul Gingues
33%
District du Lac-des-Nations Conseiller / Maire Suppléant Raïs Kibonge
33%
District de Fairview Conseiller Guillaume Lirette-Gélinas
0%
Aucun quiz correspondant
Distribution des résultats
% des personnes avec chaque résultat
Percentile par nombre de réponses
Votre historique - résultats
Vous n’avez pas pris ce quiz